Dios en el cine /

Salvato in:
Dettagli Bibliografici
Autore principale: Mora Lomelí, Raúl H. (autor)
Altri autori: Medina Sandoval, Augusto (colaboración) (colaboración), García González, Bernardo (colaboración) (colaboración), Escamilla, Patricia (colaboración) (colaboración)
Natura: Libro
Lingua:spagnolo
Pubblicazione: Guadalajara, México : ITESO, 2005, c2005
Soggetti:
Tags: Aggiungi Tag
Nessun Tag, puoi essere il primo ad aggiungerne!!

MARC

LEADER 00000nam^a2200000^a^4500
001 000187086
005 20260126000000.0
009 20260310102247.705
020 |a 968-5087-78-4 
037 |a Acervo ITESO - Biblioteca 
041 |a ESP 
082 |a 302. 235313  |b MOR 
100 |a Mora Lomelí, Raúl H.  |e (autor) 
245 1 0 |a Dios en el cine /  |c R.H. Mora Lomelí ; colaboración de A. Medina Sandoval, B. García González, P. Escamilla. 
264 4 |a Guadalajara, México :  |b ITESO,  |c 2005, c2005 
300 |a 267 p. 
336 |a texto  |b txt  |2 rdacontenido 
337 |a sin mediación  |b n  |2 rdamedio 
338 |a volumen  |b nc  |2 rdasoporte 
649 |a XX 
650 |a Cineastas Belgas 
650 |a Cineastas Bosnios 
650 |a Cineastas Brasileños 
650 |a Cineastas Chilenos 
650 |a Cineastas Daneses 
650 |a Cineastas Franceses 
650 |a Cineastas Ingleses 
650 |a Cineastas Iraníes 
650 |a Cineastas Italianos 
650 |a Cineastas Macedonios 
650 |a Cineastas Mexicanos 
650 |a Cineastas Norteamericanos 
650 |a Dios en el Cine -  |x Historia y Crítica -  |x Tema Principal 
650 |a Hombre (Teología) 
650 |a Sexualidad 
650 |a Amor 
650 |a Problemas Sociales 
650 |a Cine Belga -  |x Historia y Crítica 
650 |a Cine Bosnio -  |x Historia y Crítica 
650 |a Cine Brasileño -  |x Historia y Crítica 
650 |a Cine Chileno -  |x Historia y Crítica 
650 |a Cine Danés -  |x Historia y Crítica 
650 |a Cine Francés -  |x Historia y Crítica 
650 |a Cine Inglés -  |x Historia y Crítica 
650 |a Cine Iraní -  |x Historia y Crítica 
650 |a Cine Italiano -  |x Historia y Crítica 
650 |a Cine Macedonio -  |x Historia y Crítica 
650 |a Cine Mexicano -  |x Historia y Crítica 
650 |a Cine Norteamericano -  |x Historia y Crítica 
650 |a Cine -  |x Historia y Crítica 
650 |a Cine -  |y 1990-1999 
650 |a Cine -  |y Siglo XX 
650 |a Cine -  |y 2000-2009 
650 |a Cine -  |y Siglo XXI 
650 |a Teología 
650 |a Cristianismo 
650 |a Religión y Comunicación 
650 |a Anderson, Paul Thomas 
650 |a Benigni, Roberto 
650 |a Berliner, Alain,  |d 1963- 
650 |a Cantet, Laurent 
650 |a Fricke, Ron 
650 |a González Iñárritu, Alejandro 
650 |a Kubrick, Stanley 
650 |a Manchevski, Milcho 
650 |a Meirelles, Fernando 
650 |a Mendes, Sam 
650 |a Panahi, Jafar 
650 |a Pope, Angela 
650 |a Tanovic, Danis 
650 |a Trier, Lars von 
650 |a Wood, Andrés 
700 |a Medina Sandoval, Augusto  |e (colaboración) 
700 |a García González, Bernardo  |e (colaboración) 
700 |a Escamilla, Patricia  |e (colaboración) 
910 |a Fondo General 
920 |a Impresos - Libros 
930 |a Colección General 
905 |a 101 
901 |a 0500128998  |b IT1  |c ACC  |u 20250521 
901 |a 0500128999  |b IT1  |c ACC  |u 20250521 
902 |a https://opac.biblio.iteso.mx/vufind/Record/000187086